[Event "Barcelona Gotic op 1st"]
[Site "Barcelona"]
[Date "2017.05.09"]
[Round "3"]
[White "Grino Fernandez, Adrian"]
[Black "Arjona Izquierdo, Jose Maria"]
[Result "0-1"]
[WhiteElo "1700"]
[BlackElo "1779"]
[PlyCount "91"]
[EventDate "2017.04.25"]
[EventType "swiss"]
[EventRounds "9"]
[EventCountry "ESP"]
[SourceTitle "EXT 2018"]
[Source "ChessBase"]
[SourceDate "2017.10.13"]
[SourceVersion "1"]
[SourceVersionDate "2017.10.13"]
[SourceQuality "1"]

1. d4 d5 2. Nf3 e6 3. Bf4 c5 4. e3 a6 5. Bd3 c4 6. Be2 b5 7. c3 Nc6 8. Nbd2 h6 9. h3 Bd6 10. Ne5 Nxe5 11. dxe5 Bc7 12. 0-0 Ne7 13. e4 Ng6 14. Bh2 Bxe5 15. Bxe5 Nxe5 16. exd5 exd5 17. Nf3 Nc6 18. Re1 0-0 19. Nd4 Nxd4 20. Qxd4 Qg5 21. Bg4 Bxg4 22. hxg4 Rfe8 23. Re3 Rxe3 24. fxe3 Re8 25. Re1 Re4 26. Qd1 Rxg4 27. Qe2 Re4 28. Qf3 Qe7 29. Kf2 Re5 30. Ke2 Qe6 31. Rd1 Rf5 32. Qg3 Rg5 33. Qf3 Kh7 34. Rd4 Re5 35. Rg4 Rxe3+ 36. Qxe3 Qxg4+ 37. Kf2 Qf5+ 38. Kg1 Qb1+ 39. Kh2 Qxb2 40. Qd4 Qxa2 41. Qxd5 Qc2 42. Qc6 Qf5 43. Qxa6 Qe5+ 44. Kh1 Qxc3 45. Qxb5 Qe1+ 46. Kh2 0-1